Situación actual y perspectivas de desarrollo de Aragón / (Record no. 144481)

MARC details
000 -LEADER
campo de control de longitud fija 01176nam a2200277 4500
001 - NÚMERO DE CONTROL
campo de control 144481
003 - IDENTIFICADOR DE NÚMERO DE CONTROL
campo de control ES-MaACL
005 - FECHA Y HORA DE LA ÚLTIMA TRANSACCIÓN
campo de control 20230906201028.0
007 - CAMPO FIJO DE DESCRIPCIÓN FÍSICA--INFORMACIÓN GENERAL
campo de control de longitud fija t|
008 - DATOS DE LONGITUD FIJA--INFORMACIÓN GENERAL
campo de control de longitud fija 070214m19741975sp r ||||1| spa d
245 00 - MENCIÓN DEL TÍTULO
Título Situación actual y perspectivas de desarrollo de Aragón /
Mención de responsabilidad, etc. director, José Manuel Raposo Santos.
260 ## - PUBLICACIÓN, DISTRIBUCIÓN, ETC.
Lugar de publicación, distribución, etc. Madrid :
Nombre del editor, distribuidor, etc. Confederación Española de Cajas de Ahorro,
Fecha de publicación, distribución, etc. 1974-75.
300 ## - DESCRIPCIÓN FÍSICA
Extensión 4 v. ;
Dimensiones 25 cm.
490 1# - MENCIÓN DE SERIE
Mención de serie Estudios de desarrollo regional ;
Designación de volumen o secuencia 5
500 ## - NOTA GENERAL
Nota general Contiene: I . Infraestructuras y recursos ----- II . Análisis de los sectores productivos ----- III . Análisis sociológico ------ IV . Panorama regional y líneas de actuación futura.
700 1# - ENTRADA AGREGADA--NOMBRE PERSONAL
Nombre de persona Raposo Santos, José Manuel.
9 (RLIN) 95466
710 2# - ENTRADA AGREGADA--NOMBRE DE ENTIDAD CORPORATIVA
Nombre de entidad corporativa o nombre de jurisdicción como elemento de entrada Confederación Española de Cajas de Ahorros.
9 (RLIN) 3148
740 0# - ENTRADA AGREGADA--TÍTULO RELACIONADO/ANALÍTICO NO CONTROLADO
Título relacionado o analítico no controlado Infraestructuras y recursos.
740 0# - ENTRADA AGREGADA--TÍTULO RELACIONADO/ANALÍTICO NO CONTROLADO
Título relacionado o analítico no controlado Análisis de los sectores productivos.
740 0# - ENTRADA AGREGADA--TÍTULO RELACIONADO/ANALÍTICO NO CONTROLADO
Título relacionado o analítico no controlado Análisis sociológico.
740 0# - ENTRADA AGREGADA--TÍTULO RELACIONADO/ANALÍTICO NO CONTROLADO
Título relacionado o analítico no controlado Panorama regional y líneas de actuación futura.
830 0# - PUNTO DE ACCESO ADICIONAL DE SERIE-TÍTULO UNIFORME
Título uniforme Estudios de desarrollo regional ;
Designación de volumen o secuencia 5
9 (RLIN) 187342
852 ## - LOCALIZACIÓN
Ubicación ES-MaACL
Número de control de estantería C-21813-16
852 ## - LOCALIZACIÓN
Ubicación ES-MaACL
Número de control de estantería L-11389-92
Holdings
Estatus retirado Estado de pérdida Estado de daño No para préstamo Biblioteca de origen Biblioteca actual Ubicación en estantería Fecha de adquisición Fuente de adquisición Total de préstamos Signatura topográfica completa Código de barras Visto por última vez Precio de reemplazo Tipo de ítem Koha
        Biblioteca del Ateneo de Madrid Biblioteca del Ateneo de Madrid Depósito 2 17/01/2008     L-11389-92 1150325 23/02/2023 23/02/2023 Libro impreso
        Biblioteca del Ateneo de Madrid Biblioteca del Ateneo de Madrid Mesetón 17/01/2008     C-21813-16 1150324 23/02/2023 23/02/2023 Libro impreso